000 00547nam a2200157 i 4500
001 bg
245 0 _aDiagnostyka systemów :
_b[materiały z III Krajowej Konferencji].
260 _aWrocław,
_c1975.
490 1 _aPrace Naukowe Instytutu Cybernetyki Technicznej Politechniki Wrocławskiej. Konferencje ;
_v27
830 0 _aPrace Naukowe Instytutu Cybernetyki Technicznej Politechniki Wrocławskiej.
_pKonferencje
040 _cBPK
041 _apol
080 _a62-5:681.3](061.3)
942 _cKS
008 s pl f |000 0 pol
999 _c16659
_d16659
856 _uhttp://koha.tu.koszalin.pl/cgi-bin/koha/opac-detail.pl?biblionumber=16659
_yKatalog online BPK